000 00365cam a2200145ua 4500
041 _aeng
_h
082 _a828.09
_bBAR/CL
100 _aBarzum, Jacgues .
245 _aClassic Romantic and Modern /
_cJacgues Barzum.
_hTextual Documents
260 _aLondon :
_bSecker & Warburg ,
_c1962.
300 _a255 ; .
504 _a
942 _cBK
999 _c3582
_d3582